Normal view
MARC view
Entry Personal Name
001 - CONTROL NUMBER
- control field: 1042
003 - CONTROL NUMBER IDENTIFIER
- control field: PK-NaQUE
005 - DATE AND TIME OF LATEST TRANSACTION
- control field: 20260629140144.0
008 - FIXED-LENGTH DATA ELEMENTS
- fixed length control field: 260629|| aca||aabn | a|a d
040 ## - CATALOGING SOURCE
- Original cataloging agency: PK-NaQUE
- Transcribing agency: PK-NaQUE
100 ## - HEADING--PERSONAL NAME
- Personal name: Syed Muhammad Sajjad Haider
- Personal name: 21-MSSE-14
- Personal name: Supervisor - Prof.Dr. Zahid Hussain Abro
670 ## - SOURCE DATA FOUND
- Source citation: Work cat.: (PK-NaQUE)69097: Syed Muhammad Sajjad Haider 21-MSSE-14 Supervisor - Prof.Dr. Zahid Hussain Abro, A Comparative Analysis of Dark Mode and Light Mode in IDEs A Developers Perspective (Thesis MS), 2025